|
|
|
|
| LEADER |
00000nab a2200000ua 4500 |
| 001 |
vtls010784106 |
| 003 |
SK-MaSNL |
| 005 |
20260225191409.0 |
| 008 |
230131s1964 xo |||||||||||||||||slo| |
| 035 |
|
|
|a (urnnbn)urn:nbn:sk:snk:ar-a0018h
|
| 035 |
|
|
|a (uuid)b3d63c5d-33e9-4ab8-bc25-c049b5cb9ca0
|
| 035 |
|
|
|a urn:nbn:sk:snk-ab4yzw
|
| 040 |
|
|
|a SNKBUCL
|b slo
|c SNKBUCL
|e AACR2
|
| 041 |
0 |
|
|a slo
|
| 044 |
|
|
|a xo
|c SK
|
| 245 |
0 |
0 |
|a VČELY A TEPLO
|
| 773 |
0 |
|
|t Včelár : odborný časopis Povereníctva poľnohospodárstva a lesného hospodárstva a Ústredia včelárskych združení na Slovensku
|g Roč. 38, č. 7 (1964), s. 148-149
|
| 954 |
|
|
|a odborná, vedecká literatúra pôvodná (slovenská)
|2 lita
|
| 958 |
|
|
|a OND
|
| 958 |
|
|
|a EUIPO
|
| 958 |
|
|
|a article3
|
| 999 |
|
|
|c 1908131
|d 1910061
|